000 00416nam a2200181Ia 4500
008 210210b1941 xxu||||| |||| 00| 0 eng d
041 _aeng
082 _a320/207
100 _aGLASGOW (George)
245 _aDiplomacy and God
260 _aLondon
_bLongman Green & Co.
_c1941
300 _aix,237
650 _aGod
650 _aDiplomacy
650 _aand
690 _aPolitical Science
906 _a001958
999 _c117905
_d117905